10 Largest Economies in 1950,2000,2010,2021,2035,2050,2100,2200,3000 - Statistics

General Stats
  • This quiz has been taken 273 times
  • The average score is 83 of 90
Answer Stats
Answer Economy % Correct
United States 5.4 Trillion USD
99%
United States 12 Trillion USD
99%
United States 50 Trillion USD
99%
United States 100 Trillion USD
99%
United States 240 Trillion USD
99%
United States 425 Trillion USD
99%
United States 525 Trillion USD
99%
United States 948 Trillion USD
99%
United States 71 Quadrillion USD
99%
China 934 Billion USD
98%
China 6.7 Trillion USD
98%
China 36 Trillion USD
98%
China 180 Trillion USD
98%
China 350 Trillion USD
98%
China 560 Trillion USD
98%
China 798 Trillion USD
98%
China 1.6 Quadrillion USD
98%
China 97 Quadrillion USD
98%
France 896 Billion USD
98%
France 2.6 Trillion USD
98%
France 9.8 Trillion USD
98%
Germany 1.2 Trillion USD
98%
Germany 4.7 Trillion USD
98%
Germany 13 Trillion USD
98%
Germany 39 Trillion USD
98%
Germany 93 Trillion USD
98%
India 1.9 Trillion USD
98%
India 6.7 Trillion USD
98%
India 45 Trillion USD
98%
India 238 Trillion USD
98%
India 490 Trillion USD
98%
India 879 Trillion USD
98%
India 2.7 Quadrillion USD
98%
India 167 Quadrillion USD
98%
Japan 3.6 Trillion USD
98%
Japan 5.4 Trillion USD
98%
Japan 32 Trillion USD
98%
Japan 43 Trillion USD
98%
Japan 113 Trillion USD
98%
Japan 360 Trillion USD
98%
Japan 390 Trillion USD
98%
United Kingdom 923 Billion USD
98%
United Kingdom 3.7 Trillion USD
98%
United Kingdom 10 Trillion USD
98%
United Kingdom 20 Trillion USD
98%
Brazil 2.3 Trillion USD
95%
Brazil 5.9 Trillion USD
95%
Brazil 35 Trillion USD
95%
Brazil 112 Trillion USD
95%
Brazil 412 Trillion USD
95%
Brazil 437 Trillion USD
95%
Russia 956 Billlion USD
94%
Russia 1.3 Trillion USD
94%
Russia 6.3 Trillion USD
94%
Russia 23 Trillion USD
94%
Russia 78 Trillion USD
94%
Russia 405 Trillion USD
94%
Russia 420 Trillion USD
94%
Canada 867 Billion USD
93%
Canada 1.1 Trillion USD
93%
Canada 5.3 Trillion USD
93%
Indonesia 41 Trillion USD
93%
Indonesia 134 Trillion USD
93%
Indonesia 415 Trillion USD
93%
Indonesia 496 Trillion USD
93%
Indonesia 950 Trillion USD
93%
Indonesia 86 Quadrillion USD
93%
Italy 856 Billion USD
93%
Mexico 83 Trillion USD
92%
Mexico 345 Trillion USD
92%
Mexico 456 Trillion USD
92%
Mexico 845 Trillion USD
92%
Mexico 76 Quadrillion USD
92%
Spain 805 Billion USD
90%
Nigeria 17 Trillion USD
88%
Nigeria 90 Trillion USD
88%
Nigeria 410 Trillion USD
88%
Nigeria 506 Trillion USD
88%
Nigeria 989 Trillion USD
88%
Nigeria 98 Quadrillion USD
88%
Egypt 826 Trillion USD
85%
Egypt 68 Quadrillion USD
85%
Pakistan 830 Trillion USD
84%
Pakistan 83 Quadrillion USD
84%
Philippines 325 Trillion USD
60%
Philippines 478 Trillion USD
60%
Philippines 913 Trillion USD
60%
Philippines 82 Quadrillion USD
60%
Malaysia 820 Trillion USD
45%
Malaysia 65 Quadrillion USD
45%
No matching quizzes found
Score Distribution
Percent of People with Each Score
Percentile by Number Answered
Your Score History
You have not taken this quiz